Normal view
MARC view
- WINDOWS 98 SIMPLIFIED
Entry Topical Term
001 - CONTROL NUMBER
- control field: 65805
003 - CONTROL NUMBER IDENTIFIER
- control field: NUST
005 - DATE AND TIME OF LATEST TRANSACTION
- control field: 20210628203507.0
008 - FIXED-LENGTH DATA ELEMENTS
- fixed length control field: 210628|| aca||aabn | a|a d
040 ## - CATALOGING SOURCE
- Original cataloging agency: NUST
- Transcribing agency: NUST
150 ## - HEADING--TOPICAL TERM
- Topical term or geographic name entry element: WINDOWS 98 SIMPLIFIED
670 ## - SOURCE DATA FOUND
- Source citation: Work cat.: (NUST): Ruth Maran 65804, Windows 98 simplified, simply the easiest way to learn, 1998
